Datum a čas kvízu
29
Celkem bodů
Celkový počet nahraných bodů na tomto kvízu bez doplňovacích otázek.
1.
Pořadí na kvízu
Konečné umístění týmu na tomto kvízu.
Zaznamenané odpovědi
| # | Otázka | Odpověď | Body | Výsledky |
|---|---|---|---|---|
| 1. | Agentury STEM/MARK a Median mi... | 0 | ||
| 2. | Francouzský prezident Emmanuel... | 0 | ||
| 3. | Americká Akademie filmových um... | 0.5 | ||
| 4. | Desítky nových "hackerů" ročně... | 1 | ||
| 5. | Vedení české extraligy v jisté... | 1 | ||
| 6. | Košile patří k základním typům... | 1 | ||
| 7. | Dámská obdoba košile se nejčas... | 1 | ||
| 8. | Paramilitární křídlo italských... | 1 | ||
| 9. | Balada Svatební košile je souč... | 1 | ||
| 10. | Polotriko, zkráceně polo, je j... | 1 |